UBT Library

Markets, entrepreneurs, and liberty : (Record no. 40405)

000 -LEADER
fixed length control field 00607pam a2200217 a 4500
001 - CONTROL NUMBER
control field 4734208
005 - DATE AND TIME OF LATEST TRANSACTION
control field 20180117035330.0
008 - FIXED-LENGTH DATA ELEMENTS--GENERAL INFORMATION
fixed length control field 840806s1984 nyua b 001 0 eng
010 ## - LIBRARY OF CONGRESS CONTROL NUMBER
LC control number 84040372
020 ## - INTERNATIONAL STANDARD BOOK NUMBER
International Standard Book Number 0312515332 :
Terms of availability $27.50
040 ## - CATALOGING SOURCE
Original cataloging agency DLC
Transcribing agency DLC
Modifying agency DLC
041 ## - LANGUAGE CODE
Language code of text/sound track or separate title eng
080 ## - UNIVERSAL DECIMAL CLASSIFICATION NUMBER
Universal Decimal Classification number 330.157
082 00 - DEWEY DECIMAL CLASSIFICATION NUMBER
Classification number 330.157 REE
Edition number 19
100 1# - Rafti
Rafti 52
101 ## - Shkurtesa
Shkurtesa EKO
245 10 - TITLE STATEMENT
Title Markets, entrepreneurs, and liberty :
Statement of responsibility, etc W. Duncan Reekie.
504 ## - BIBLIOGRAPHY, ETC. NOTE
Bibliography, etc Includes bibliographies and index.
906 ## - LOCAL DATA ELEMENT F, LDF (RLIN)
a 7
b cbc
c orignew
d 1
e ocip
f 19
g y-gencatlg
942 ## - ADDED ENTRY ELEMENTS (KOHA)
Source of classification or shelving scheme
Item type Books
Holdings
Withdrawn status Lost status Source of classification or shelving scheme Damaged status Not for loan Collection code Permanent location Current location Shelving location Date acquired Total Checkouts Full call number Barcode Date last seen Price effective from Koha item type
          Koleksioni i përgjithshem UBT - Lipjan UBT - Lipjan Koleksioni i përgjithshem 01/17/2018   330.157 REE 002-2995683 01/17/2018 01/17/2018 Books
UBT Library © 2015-2024. All rights reserved University Education for Business and Technology